Global business environment / (Record no. 38665)

MARC details
000 -LEADER
fixed length control field 00975nam a22002537a 4500
005 - DATE AND TIME OF LATEST TRANSACTION
control field 20100802141536.0
010 ## - LCCN (DPL NO)
LC control number ENG-97809
020 ## - INTERNATIONAL STANDARD BOOK NUMBER
International Standard Book Number 9788190849951
Terms of availability 725.00
035 ## - SYSTEM CONTROL NUMBER
System control number EN-81342
037 ## - SOURCE OF ACQUISITION
Source of stock number/acquisition DBAD/PUB
082 ## - DEWEY DECIMAL CLASSIFICATION NUMBER
Classification number 338.88
100 ## - MAIN ENTRY--PERSONAL NAME
Personal name Sherwani,N U K
245 ## - TITLE STATEMENT
Title Global business environment /
Statement of responsibility, etc by N U K Sherwani [and] Mohd altaf
260 ## - PUBLICATION, DISTRIBUTION, ETC. (IMPRINT)
Place of publication, distribution, etc New Delhi
Name of publisher, distributor, etc Enkay Publishing House
Date of publication, distribution, etc 2011
270 ## - ADDRESS
Address 209,Hari Sadan 20, Ansari Road Darya Ganj
City New Delhi
Postal code 100002
300 ## - PHYSICAL DESCRIPTION
Extent viii,280p
Dimensions 21cm (Hb)
500 ## - GENERAL NOTE
General note includes bibliographical references and index
650 ## - SUBJECT ADDED ENTRY--TOPICAL TERM
Topical term or geographic name as entry element Globalization economic aspets
650 ## - SUBJECT ADDED ENTRY--TOPICAL TERM
Topical term or geographic name as entry element international economic integration
650 ## - SUBJECT ADDED ENTRY--TOPICAL TERM
Topical term or geographic name as entry element international business enterprises
700 ## - ADDED ENTRY--PERSONAL NAME
Personal name Mohd Altaf
9 (RLIN) 4229
942 ## - ADDED ENTRY ELEMENTS (KOHA)
Source of classification or shelving scheme Dewey Decimal Classification
Item type English Books
Classification part 338.88
Call number suffix SHE
Holdings
Withdrawn status Lost status Not for loan Collection code Home library Current library Date acquired Source of acquisition Cost, normal purchase price Full call number Barcode Copy number Cost, replacement price Koha item type
    Not For Loan Non-fiction D.B.Act.Division D.B.Act.Division 02/08/2010 DBAD/PUB 725.00 338.88 SHE EN-81342 1 725.00 English Books

© Delhi Public Library
Hit Counter
free hit counter